| 000 | 00887nam a22002295a 4500 | ||
|---|---|---|---|
| 999 |
_c27555 _d27526 |
||
| 003 | EG-ScBUE | ||
| 005 | 20190620111203.0 | ||
| 008 | 190620s2016 ua gr 000 0 ara d | ||
| 040 |
_aEG-ScBUE _bara _cEG-ScBUE _dEG-ScBUE |
||
| 082 | 0 | 4 |
_a297.1 _bج م ع _222 |
| 100 | 1 | _aجمعة، محمد مختار. | |
| 245 | 1 | 0 |
_aغذاء العقل : _bمقالات في الدين والحياة / _cمحمد مختار جمعة. |
| 260 |
_aالقاهرة : _bوزارة الأوقاف، المجلس الأعلى للشئون الإسلامية، _c2016. |
||
| 300 |
_a187 ص. ؛ _c22 سم. |
||
| 490 | 0 |
_aدراسات إسلامية ؛ _v222 |
|
| 541 |
_aMr. Samy El-Masry ; _cDonation ; |
||
| 650 | 7 |
_aالإسلام _xجوانب اجتماعية. _2BUEsh _921152 |
|
| 650 | 7 |
_aالثقافة الإسلامية. _2BUEsh |
|
| 651 | _2BUEsh | ||
| 653 |
_bGGEN _cJune2019 |
||
| 942 | _2ddc | ||